1365 1177 1503 1748 1518 1289 1732 1401 1167 1464 1590 1432 1925 1757 1547 1351 1136 1365 1099 1498 1751 1009 1375 1214 1864 1523 1054 1730 1497 1626 1427 1957 1505 1202 1435 1221 1489 1669 1640 1405 1562 1959 1884 1597 1174 1424 1199 1164 1702 1309 1068 1324 1760 1421 1877 1905 1754 1056 1551 1017 1876 1326 1822 1780 1858 1661 1619 1484 1979 1779 1731 1293 1545 1121 1002 1821 1580 1953 1637 1925 1821 1421 1571 1818 1810 1404 1280 1024 1046 1922 1286 1927 1888 1267 1611 1019 1779 1872 1346 BCNSPRNW ULIB Ver.6.0+V

เปลี่ยนเป็นภาษาไทย

Change to English
 แสดงรายละเอียดบรรณานุกรม
  กลับหน้าหลัก

Brief Record : Get Marc (ISO 2709) : E-mail record : QR code < ปิดหน้าต่าง
LEADER : 00000nam 2200000uu 4500
001    13399124715
003     ULIB
008    160125s2558||||th 000 0 tha d
099    วจ.WD210^bช166ก
100 0  ชมนาด วรรณพรศิริ และนิยม เล็กชูผล
245 00 การพัฒนารูปแบบการป้องกันภาวะเมตาโบลิกที่สอดคล้องกับวิถีชีวิตของประชาชนวัยผู้ใหญ่ในชนบทไทย/^cชมนาด วรรณพรศิริ และนิยม เล็กชูผล
246 0  Model development of metabolic syndrome prevention congruence with Thai adult lifestyle
260    พิษณูโลก:^b,มหาวิทยาลัยนเรศวร,^c2558.
300    158 หน้า
650  7 โรคอ้วน
650  7 ภาวะเมตาโบลิก
650  7 วัดรอบเอว
945    ^p0^l0^i000264
945    ^p0^l0^i001899
945    ^p0^l0^i001402
999    ^aเกษร โพธิ์สุวรรณ
รายการนี้ยังไม่มีแท็ก
คุณยังไม่ได้ล็อกอิน คุณสามารถมีกิจกรรมร่วมกับเว็บไซต์ได้ แต่ต้องล็อกอินก่อน ::
  ล็อกอิน

รายการสื่อสารสนเทศ

ลำดับที่ ประเภท เลขเรียก/บาร์โค้ด สถานที่ สถานะ
1. งานวิจัย
งานวิจัย
วจ.WD210 ช166ก ฉ.1 
  Barcode: 000264
ห้องสมุดวิทยาเขตสวรรค์ประชารักษ์
►วิจัย
บนชั้น
2. งานวิจัย
งานวิจัย
วจ.WD210 ช166ก ฉ.2 
  Barcode: 001899
ห้องสมุดวิทยาเขตสวรรค์ประชารักษ์
►วิจัย
บนชั้น
3. งานวิจัย
งานวิจัย
วจ.WD210 ช166ก ฉ.3 
  Barcode: 001402
ห้องสมุดวิทยาเขตสวรรค์ประชารักษ์
►วิจัย
บนชั้น

รายการใกล้เคียง
    หัวเรื่อง [โรคอ้วน]

BibComment


ยังไม่เคยถูกคอมเมนท์

คอมเมนท์ทรัพยากรรายการนี้
  คอมเมนท์: การพัฒนารูปแบบการ..


 Copyright 2026. Bcnsprnw @Library